Loading...
| Arts - Music | 1 | 20.00 | 100% | 100% | 0% |
| Arts - Other Arts | 4 | 15.00 | 100% | 50% | 0% |
| Arts - Painting | 4 | 10.00 | 75% | 25% | 0% |
| History - American History | 3 | 10.00 | 100% | 0% | 0% |
| History - European | 4 | 10.00 | 75% | 25% | 0% |
| History - Other History | 4 | 7.50 | 75% | 0% | 0% |
| History - World | 1 | 10.00 | 100% | 0% | 0% |
| History - World History | 3 | 13.33 | 100% | 33% | 0% |
| Literature - American Lit | 5 | 18.00 | 100% | 40% | 40% |
| Literature - British Lit | 4 | 20.00 | 100% | 75% | 25% |
| Literature - European Lit | 2 | 20.00 | 100% | 50% | 50% |
| Literature - World Lit | 5 | 8.00 | 80% | 0% | 0% |
| Mythology | 3 | 10.00 | 100% | 0% | 0% |
| Other - Geo/CE | 3 | 10.00 | 100% | 0% | 0% |
| Other Academic | 4 | 12.50 | 75% | 25% | 25% |
| Pop Culture | 2 | 15.00 | 100% | 50% | 0% |
| Religion | 2 | 15.00 | 100% | 50% | 0% |
| Science - Biology | 3 | 6.67 | 67% | 0% | 0% |
| Science - Chemistry | 4 | 7.50 | 75% | 0% | 0% |
| Science - Other Science | 5 | 10.00 | 80% | 20% | 0% |
| Science - Physics | 5 | 6.00 | 60% | 0% | 0% |
| Thought - Philosophy | 1 | 20.00 | 100% | 100% | 0% |
| Thought - Social Science | 4 | 10.00 | 50% | 25% | 25% |